<?xml version="1.0" encoding="UTF-8"?><?xml-stylesheet type="text/xsl" href="static/style.xsl"?><OAI-PMH xmlns="http://www.openarchives.org/OAI/2.0/" xmlns:xsi="http://www.w3.org/2001/XMLSchema-instance" xsi:schemaLocation="http://www.openarchives.org/OAI/2.0/ http://www.openarchives.org/OAI/2.0/OAI-PMH.xsd"><responseDate>2026-05-17T00:18:31Z</responseDate><request verb="GetRecord" identifier="oai:repisalud.isciii.es:20.500.12105/26819" metadataPrefix="marc">https://repisalud.isciii.es/rest/oai/request</request><GetRecord><record><header><identifier>oai:repisalud.isciii.es:20.500.12105/26819</identifier><datestamp>2025-12-18T12:57:25Z</datestamp><setSpec>com_20.500.12105_19604</setSpec><setSpec>com_20.500.12105_2051</setSpec><setSpec>col_20.500.12105_19605</setSpec></header><metadata><record xmlns="http://www.loc.gov/MARC21/slim" xmlns:dcterms="http://purl.org/dc/terms/" xmlns:doc="http://www.lyncode.com/xoai" xmlns:xsi="http://www.w3.org/2001/XMLSchema-instance" xsi:schemaLocation="http://www.loc.gov/MARC21/slim http://www.loc.gov/standards/marcxml/schema/MARC21slim.xsd">
   <leader>00925njm 22002777a 4500</leader>
   <datafield ind2=" " ind1=" " tag="042">
      <subfield code="a">dc</subfield>
   </datafield>
   <datafield ind2=" " ind1=" " tag="720">
      <subfield code="a">Martínez-Gómez, Jesús</subfield>
      <subfield code="e">author</subfield>
   </datafield>
   <datafield ind2=" " ind1=" " tag="720">
      <subfield code="a">Bodega, Patricia</subfield>
      <subfield code="e">author</subfield>
   </datafield>
   <datafield ind2=" " ind1=" " tag="720">
      <subfield code="a">Santos-Beneit, Gloria</subfield>
      <subfield code="e">author</subfield>
   </datafield>
   <datafield ind2=" " ind1=" " tag="720">
      <subfield code="a">de Cos-Gandoy, Amaya</subfield>
      <subfield code="e">author</subfield>
   </datafield>
   <datafield ind2=" " ind1=" " tag="720">
      <subfield code="a">Beneito-Durá, María</subfield>
      <subfield code="e">author</subfield>
   </datafield>
   <datafield ind2=" " ind1=" " tag="720">
      <subfield code="a">de Miguel, Mercedes</subfield>
      <subfield code="e">author</subfield>
   </datafield>
   <datafield ind2=" " ind1=" " tag="720">
      <subfield code="a">Tresserra-Rimbau, Anna</subfield>
      <subfield code="e">author</subfield>
   </datafield>
   <datafield ind2=" " ind1=" " tag="720">
      <subfield code="a">Ruiz-León, Ana María</subfield>
      <subfield code="e">author</subfield>
   </datafield>
   <datafield ind2=" " ind1=" " tag="720">
      <subfield code="a">Estruch, Ramón</subfield>
      <subfield code="e">author</subfield>
   </datafield>
   <datafield ind2=" " ind1=" " tag="720">
      <subfield code="a">Lamuela-Raventós, Rosa María</subfield>
      <subfield code="e">author</subfield>
   </datafield>
   <datafield ind2=" " ind1=" " tag="720">
      <subfield code="a">Moreno, Luis A</subfield>
      <subfield code="e">author</subfield>
   </datafield>
   <datafield ind2=" " ind1=" " tag="720">
      <subfield code="a">Fernández-Alvira, Juan Miguel</subfield>
      <subfield code="e">author</subfield>
   </datafield>
   <datafield ind2=" " ind1=" " tag="720">
      <subfield code="a">Fernández-Jiménez, Rodrigo</subfield>
      <subfield code="e">author</subfield>
   </datafield>
   <datafield ind2=" " ind1=" " tag="260">
      <subfield code="c">2025-03-07</subfield>
   </datafield>
   <datafield ind2=" " ind1=" " tag="520">
      <subfield code="a">Contemporary longitudinal data on dietary patterns (DP) during adolescence are scarce. This study aimed to identify trajectories of adherence to an obesogenic DP and changes in diet quality (DQ), related food consumption, and adiposity markers during adolescence. A cohort of 600 adolescents (293 girls, 48.8%) attending 24 secondary schools enrolled on the SI! Program for Secondary Schools trial in Spain was assessed when participants were approximately 12, 14, and 16 years old. An energy-dense, high-fat, and low-fiber (obesogenic) DP was derived at each time point by reduced rank regression (RRR) using the percentage energy intake from fat, fiber density, and dietary energy density as intermediate variables. Based on each participant's resulting scores, trajectories of adherence to the obesogenic DP were identified by latent class trajectory modeling. Adjusted associations between trajectories, DQ and food consumption changes, and adiposity markers during adolescence were analyzed with generalized linear models. Based on adherence to the obesogenic DP during adolescence, four stable trajectory groups (from lowest to highest adherence) were identified: trajectory 1 (44 participants [7.3%]), trajectory 2 (180 participants [30.0%]), trajectory 3 (292 participants [48.7%]), and trajectory 4 (84 participants [14.0%]). Overall DQ was moderate, but showed a gradient across trajectories, with trajectory 1 having the best quality. Although the identified trajectories were stable, individuals in the group with the lowest adherence to the obesogenic DP (trajectory 1) significantly improved their overall DQ over time, whereas those with the highest adherence (trajectory 4) showed the opposite trend. The group of adolescents in trajectory 4 had the least healthy central adiposity profile when ∼16 years old. Four stable trajectories of adherence to an obesogenic DP were identified in a large cohort of adolescents, with DQ decreasing as adherence to the DP increased. Although adherence to the DP was stable, differences in food intake between trajectories widened over time, resulting in increased central adiposity in participants with the highest adherence to the pattern at the end of the study. Further research is needed to explore the determinants of adherence to obesogenic DPs in adolescence and to evaluate their effects on adiposity and overall health later in life.</subfield>
   </datafield>
   <datafield ind1="8" ind2=" " tag="024">
      <subfield code="a">Nutr J. 2025 Mar 7;24(1):35.</subfield>
   </datafield>
   <datafield ind1="8" ind2=" " tag="024">
      <subfield code="a">NUTRITION JOURNAL</subfield>
   </datafield>
   <datafield ind1="8" ind2=" " tag="024">
      <subfield code="a">40055723</subfield>
   </datafield>
   <datafield ind1="8" ind2=" " tag="024">
      <subfield code="a">https://hdl.handle.net/20.500.12105/26819</subfield>
   </datafield>
   <datafield tag="653" ind2=" " ind1=" ">
      <subfield code="a">Central obesity</subfield>
   </datafield>
   <datafield tag="653" ind2=" " ind1=" ">
      <subfield code="a">Dietary patterns</subfield>
   </datafield>
   <datafield tag="653" ind2=" " ind1=" ">
      <subfield code="a">Health promotion</subfield>
   </datafield>
   <datafield tag="653" ind2=" " ind1=" ">
      <subfield code="a">Overweight</subfield>
   </datafield>
   <datafield tag="653" ind2=" " ind1=" ">
      <subfield code="a">Reduced-rank regression</subfield>
   </datafield>
   <datafield tag="653" ind2=" " ind1=" ">
      <subfield code="a">Teenagers</subfield>
   </datafield>
   <datafield ind2="0" ind1="0" tag="245">
      <subfield code="a">Trajectories of adherence to an obesogenic dietary pattern and changes in diet quality, food intake, and adiposity during adolescence.</subfield>
   </datafield>
</record></metadata></record></GetRecord></OAI-PMH>